| 000 | 02051nam a2200277 i 4500 | ||
|---|---|---|---|
| 001 | 000000364 | ||
| 003 | DO-SdBNP | ||
| 005 | 20260313082248.0 | ||
| 007 | ta | ||
| 008 | 260413s2002 dr r 001 0 spa d | ||
| 040 |
_aDO-SdBNP _bspa _cBNPHU _erda |
||
| 041 | _aspa | ||
| 082 |
_a340.1 _bS232m, 2002 _222 |
||
| 100 |
_aSantana Marcano, Miguel Ángel, _d1967- _eautor _948937 |
||
| 245 | 1 | 0 |
_aManual elemental de lógica jurídica para abogados / _cMiguel Ángel Santana Marcano. |
| 264 |
_aSanto Domingo : _bLibreria y Papeleria La Filantropica _c2002 |
||
| 300 |
_a79 p. ; _c22 cm. |
||
| 336 |
_atexto _btxt _2rdacontent |
||
| 337 |
_asin mediación _bn _2rdamedia |
||
| 338 |
_avolumen _bnc _2rdacarrier |
||
| 505 | 0 |
_tQué es la lógica? -- _tLos primeros principios -- _tQué es un concepto -- _tEl árbol de Porfirio -- _tQué es el juicio -- _tDivisión clásica de los juicios -- _tQué es la conversión de un juicio -- _tReglas sobre la verdad y falsedad de los juicios resultantes de la conversión y controversias -- _tRelación entre el juicio y la proposición -- _tEl razonamiento o raciocinio -- _tClases de razonamientos -- _tQué es el silogismo? -- _tReglas del silogismos -- _tQué es una figura silogística -- _tQué es un modo silogístico? -- _tQué es un modo silogístico? -- _tLa primera figuara silogística -- _tLa segunda figura silogística -- _tLa tercera figura silogística -- _tLa cuarta figura silogística -- _tLa cuarta figura silogística -- _tReducción de los silogismos -- _tQué es una conversión peraccidens? -- _tQué es la reducción ad inpossibile? -- _tQué es el silogismo hipotético? -- _tQué es un entimema -- _tQué es un epiquerema? -- _tQué es un sorites? -- _tQué es un dilema? -- _tQué es un argumento? -- _tQué es argumentación concluyente? -- _tQué es argumento analógico? -- _tVicios de la argumentación -- _tClasificación de los sofismos verbales -- _tSofismos materiales o de pensamiento. |
|
| 650 | 4 |
_aFilosofía del derecho _91175 |
|
| 650 | 4 |
_aLógica (derecho) _91174 |
|
| 910 | _aDG | ||
| 942 |
_2ddc _cLBS1 |
||
| 999 |
_c60500 _d60500 |
||